Premier League General Knowledge #2 - Statistics

General Stats
  • This quiz has been taken 650 times
    183 since last reset
  • The average score is 4 of 15
Answer Stats
Question Answer % Correct
Who became the 50th club to play in the Premier League in 2021? Brentford
61%
Who is the only Premier League-winning manager to have played in the division? Roberto Mancini
48%
Who scored the dramatic 96th-minute winner in the thrilling Manchester Derby in 2009? Michael Owen
45%
What was the name of Coventry City's ground during their time in the Premier League? Highfield Road
28%
Who was the first Chinese player to score in the Premier League? Jihai Sun
27%
What is the surname of the father and son duo that were relegated with the same club in 1993? Clough
25%
Gérard Houllier was brought in by Liverpool in 1998 to co-manage alongside whom? Roy Evans
25%
Due to his unfortunate reputation for scoring own goals, which Leicester City defender was likened to British sitcom character Frank Spencer? Frank Sinclair
17%
Who ended the season as Charlton Athletic manager when they were relegated in 2007? Alan Pardew
15%
Which manager fielded the first ever all-foreign starting XI? Gianluca Vialli
15%
Which goalkeeper made a shock appearance for Bradford City in their 2-1 defeat to Leeds United in 2000? Neville Southall
12%
Unsurprisingly, Chelsea were the first club in the Premier League to sack their manager. What was his name? Ian Porterfield
11%
Who replaced Jim Smith as Derby County manager in 2002? John Gregory
10%
Who scored the first League goal at the Emirates Stadium? Olof Mellberg
10%
Which country did Jason Roberts represent internationally? Grenada
9%
No matching quizzes found
Score Distribution
Percent of People with Each Score
Percentile by Number Answered
Your Score History
You have not taken this quiz since the last reset